000 01142nam a2200289 u 4500
005 20240612064038.0
008 190925s2002 mx a r 000 0 spa d
020 _a9701877071
035 _aUPN01000233098
040 _aMX-MxUPN
_bspa
_cMX-MxUPN
041 0 _aspa
050 _aLB1584
_bM6.3 2002 LM
245 0 0 _aLibro para el maestro :
_bhistoria, geografía y educación cívica : tercer grado
250 _aTercera edición
260 _aMéxico :
_bSecretaría de Educación Pública, Comisión Nacional de Libros de Texto Gratuitos,
_c2002 (reimpresión, 2004)
300 _a83 páginas :
_bilustraciones, fotografías en blanco y negro
650 4 _aCivismo
_xEstudio y enseñanza (Elemental)
_92807
650 4 _aGeografía
_xEstudio y enseñanza (Elemental)
_92801
650 4 _aHistoria
_xEstudio y enseñanza (Elemental)
_92803
700 1 _aBonilla Rius, Elisa,
_d1956-
_ecoordinación
_932629
700 1 _aMartínez Olivé, Alba
_ecoordinación
_929169
700 1 _aRamírez Raymundo, Rodolfo
_ecoordinación
_929909
902 _bNoemiAcosta/040523
905 _aLibro
942 _2lcc
_cLIBRO
999 _c205193
_d205193